Literaturquiz - Autor zu Buch - Statistiken

Allgemein
  • Dieses Quiz wurde 9.951 mal gespielt
    9.230 seit der letzten Aktualisierung
  • Das Durchschnittsergebnis liegt bei 14 aus 40
Antwortstatistiken
Buch Verfasser % Korrekt
Faust Johann Wolfgang von Goethe
98%
Romeo und Julia William Shakespeare
77%
Wilhelm Tell Friedrich Schiller
71%
Es Stephen King
62%
Die Verwandlung Franz Kafka
58%
1984 George Orwell
56%
Buddenbrooks - Verfall einer Familie Thomas Mann
49%
Stolz und Vorurteil Jane Austen
46%
Krieg und Frieden Leo Tolstoi
43%
Mord im Orient-Express Agatha Christie
42%
Nathan der Weise Gotthold Ephraim Lessing
41%
Die Reise zum Mittelpunkt der Erde Jules Verne
41%
Sherlock Holmes Arthur Conan Doyle
37%
Der Besuch der alten Dame Friedrich Dürrenmatt
37%
Die Abenteuer des Tom Sawyer Mark Twain
36%
Effi Briest Theodor Fontane
36%
Mutter Courage und ihre Kinder Bertolt Brecht
35%
Der Name der Rose Umberto Eco
35%
Woyzeck Georg Büchner
34%
Der Steppenwolf Hermann Hesse
34%
Homo faber - Ein Bericht Max Frisch
34%
Der alte Mann und das Meer Ernest Hemingway
33%
Schuld und Sühne Fjodor Dostojewski
31%
Die drei Musketiere Alexandre Dumas
28%
Oliver Twist Charles Dickens
28%
Also sprach Zarathustra Friedrich Nietzsche
27%
Frankenstein Mary Shelley
26%
Das Bildnis des Dorian Gray Oscar Wilde
26%
Schachnovelle Stefan Zweig
26%
Robinson Crusoe Daniel Defoe
25%
Der Schimmelreiter Theodor Storm
24%
Jane Eyre Charlotte Brontë
23%
Der zerbrochne Krug Heinrich von Kleist
23%
Don Quijote Miguel de Cervantes
22%
Der Glöckner von Notre-Dame Victor Hugo
19%
Der Fänger im Roggen J. D. Salinger
17%
Die wunderbare Reise des kleinen Nils Holgersson mit den Wildgänsen Selma Lagerlöf
15%
Der Mann ohne Eigenschaften Robert Musil
12%
Auf der Suche nach der verlorenen Zeit Marcel Proust
11%
Onkel Toms Hütte Harriet Beecher Stowe
9%
Keine übereinstimmenden Quizze gefunden
Verteilung der Resultate
Anzahl Personen mit jedem Resultat
Perzentil nach korrekt beantworteten Fragen
Ihre Resultats-Entwicklung
Sie haben dieses Quiz seit der letzten Aktualisierung nicht gespielt